Statistics for Every NBA Team's Best Active Player based on team history

Click here to take the quiz!

General Stats

  • This quiz has been taken 76 times
  • The average score is 22 of 30

Answer Stats

TeamPlayer% Correct
BOSJayson Tatum
97%
MIALeBron James
97%
CLELeBron James
97%
LALLeBron James
97%
ATLTrae Young
97%
BKNKevin Durant
94%
OKLKevin Durant
94%
DENNikola Jokic
91%
GSWStephen Curry
91%
MEMJa Morant
90%
DALLuka Doncic
90%
SASKawhi Leonard
88%
LACKawhi Leonard
88%
TORKawhi Leonard
88%
CHALaMelo Ball
88%
PORDamian Lillard
85%
PHIJoel Embiid
81%
WASBradley Beal
79%
PHODevin Booker
79%
UTADonovon Mitchell
78%
NOPChris Paul
72%
HOUChris Paul
72%
SACDe'Aaron Fox
66%
INDPaul George
63%
CHIJimmy Butler
54%
MINJimmy Butler
54%
NYKR.J. Barrett
22%
MILGiannis Antetokoumnpo
16%
ORLJonathan Isaac
10%
DETChristian Wood
3%

Score Distribution

Percentile by Number Answered

Percent of People with Each Score

Your Score History

You have not taken this quiz